| 000 | 00353nam a2200133Ia 4500 | ||
|---|---|---|---|
| 008 | 150201s2014 xx 000 0 und d | ||
| 082 |
_a617.6342 _bM2010S |
||
| 100 | _aSHERWOOD ,I.ANAND | ||
| 245 | _aMATERIALS IN RESTORATIVE DENTISTRY | ||
| 250 | _a1ST | ||
| 260 | _bJAYPEE BROTHERS MEDICAL PUBLISHERS | ||
| 650 | _aPROSTHODONTICS | ||
| 942 |
_2ddc _cBK _02 |
||
| 999 |
_c4835 _d4835 |
||